| 000 | 00710nam a22002057a 4500 | ||
|---|---|---|---|
| 999 |
_c21562 _d21562 |
||
| 003 | AR-CdUCM | ||
| 008 | 190312b ||||| |||| 00| 0 spa d | ||
| 020 | _a9786071512680 | ||
| 040 |
_aMUNICIPALIDAD PROVINCIAL DEL CUSCO _cBIBLIOTECA MUNICIPAL DEL CUSCO |
||
| 082 |
_a339/D92 _bD92 _2duodécima |
||
| 100 |
_aDornbusch, Rudiger _945365 |
||
| 245 |
_aMacroeconomía / _cRudiger Dornbusch, Stanley Fischer, Richard Startz |
||
| 260 |
_aMéxico : _bMcGraw-Hill, _c2015. |
||
| 300 |
_a453 páginas. : _bilustraciones ; _c27x21 cm. |
||
| 500 | _aTraducción de: Macroeconmics. | ||
| 650 |
_aMacroeconomía _93976 |
||
| 650 |
_aMacroeconomía-- -Textos programados _945366 |
||
| 942 |
_2ddc _cLIBROS |
||
| 945 | _aRoel | ||